[Event "DVM U10 2023"]
[Site "Magdeburg GER"]
[Date "2023.12.28"]
[Round "4"]
[White "Beier, Martin"]
[Black "Naumann, Julian"]
[Result "1/2-1/2"]
[Termination "normal"]
[Board "4.3"]
[WhiteElo "1321"]
[BlackElo "1021"]
[WhiteClock "00:15:14"]
[BlackClock "00:28:50"]
[WhiteTeam "SK Bad Homburg 1927"]
[BlackTeam "SV Dresden-Leuben"]
[PlyCount "155"]
[WhiteFideId "34631879"]
[EventCountry "GER"]
[EventRounds "7"]
[EventType "team-swiss"]
[EventDate "2023.12.27"]

1. e4 {[%clk 00:55:08]} e5 {[%clk 00:55:06]} {[%emt 00:00:06]} 2. Nf3 {[%clk
00:55:07]} {[%emt 00:00:05]} Nc6 {[%emt 00:00:04]} 3. d4 {[%clk 00:55:07]}
{[%emt 00:00:03]} exd4 {[%clk 00:55:07]} {[%emt 00:00:07]} 4. Bc4 {[%clk
00:55:09]} {[%emt 00:00:03]} Bc5 {[%clk 00:55:00]} {[%emt 00:00:12]} 5. c3
{[%clk 00:55:10]} {[%emt 00:00:04]} d6 {[%clk 00:54:21]} {[%emt 00:00:44]} 6.
cxd4 {[%emt 00:00:09]} Bb6 {[%emt 00:00:01]} 7. b3 {[%clk 00:54:22]} {[%emt
00:00:48]} Bg4 {[%clk 00:54:23]} {[%emt 00:00:08]} 8. Bxf7+ {[%clk 00:53:37]}
{[%emt 00:00:50]} Kxf7 {[%clk 00:53:47]} {[%emt 00:00:41]} 9. Ng5+ {[%clk
00:53:22]} {[%emt 00:00:21]} Ke8 {[%clk 00:53:43]} {[%emt 00:00:09]} 10. Qxg4
{[%clk 00:53:09]} {[%emt 00:00:18]} Nf6 {[%clk 00:53:39]} {[%emt 00:00:08]} 11.
Qe6+ {[%clk 00:52:16]} {[%emt 00:00:58]} Qe7 {[%clk 00:53:28]} {[%emt
00:00:15]} 12. Qxe7+ {[%clk 00:52:04]} {[%emt 00:00:18]} Kxe7 {[%clk 00:53:28]}
{[%emt 00:00:06]} 13. Bb2 {[%clk 00:51:52]} {[%emt 00:00:16]} Nxd4 {[%clk
00:53:18]} {[%emt 00:00:15]} 14. Na3 {[%clk 00:51:09]} {[%emt 00:00:49]} h6
{[%clk 00:52:54]} {[%emt 00:00:28]} 15. Nf3 {[%clk 00:50:27]} {[%emt 00:00:47]}
Nxf3+ {[%clk 00:52:12]} {[%emt 00:00:47]} 16. gxf3 {[%clk 00:50:26]} {[%emt
00:00:06]} Ba5+ {[%clk 00:51:52]} {[%emt 00:00:25]} 17. Ke2 {[%clk 00:50:15]}
{[%emt 00:00:16]} Rhe8 {[%clk 00:51:09]} {[%emt 00:00:46]} 18. Rhg1 {[%clk
00:50:07]} {[%emt 00:00:14]} Kf8 {[%clk 00:51:03]} {[%emt 00:00:12]} 19. Nc4
{[%clk 00:50:08]} {[%emt 00:00:05]} Bb4 {[%clk 00:49:58]} {[%emt 00:01:10]} 20.
Rg2 {[%clk 00:49:12]} {[%emt 00:00:59]} d5 {[%clk 00:49:51]} {[%emt 00:00:13]}
21. Bxf6 {[%clk 00:48:40]} {[%emt 00:00:37]} gxf6 {[%clk 00:49:30]} {[%emt
00:00:26]} 22. Nd2 {[%clk 00:48:05]} {[%emt 00:00:38]} Bxd2 {[%clk 00:49:19]}
{[%emt 00:00:18]} 23. Kxd2 {[%clk 00:48:03]} {[%emt 00:00:07]} dxe4 {[%clk
00:49:14]} {[%emt 00:00:10]} 24. fxe4 {[%clk 00:48:06]} {[%emt 00:00:02]} Rxe4
{[%clk 00:49:06]} {[%emt 00:00:13]} 25. Rag1 {[%clk 00:47:59]} {[%emt
00:00:10]} Kf7 {[%clk 00:48:07]} {[%emt 00:01:05]} 26. Rg7+ {[%clk 00:47:52]}
{[%emt 00:00:12]} Ke6 {[%clk 00:48:00]} {[%emt 00:00:13]} 27. R1g6 {[%clk
00:47:37]} {[%emt 00:00:19]} Rh4 {[%clk 00:47:48]} {[%emt 00:00:17]} 28. Rg2
{[%clk 00:47:11]} {[%emt 00:00:31]} Kd6 {[%clk 00:47:23]} {[%emt 00:00:29]} 29.
R2g6 {[%clk 00:46:34]} {[%emt 00:00:43]} Rf8 {[%clk 00:47:11]} {[%emt
00:00:16]} 30. Rg2 {[%clk 00:45:56]} {[%emt 00:00:44]} Kc6 {[%clk 00:47:05]}
{[%emt 00:00:11]} 31. Re7 {[%clk 00:44:20]} {[%emt 00:01:41]} b6 {[%clk
00:46:29]} {[%emt 00:00:42]} 32. Rgg7 {[%clk 00:43:53]} {[%emt 00:00:31]} Rc8
{[%clk 00:46:07]} {[%emt 00:00:27]} 33. Re6+ {[%clk 00:43:38]} {[%emt
00:00:21]} Kb7 {[%clk 00:45:53]} {[%emt 00:00:19]} 34. Rxf6 {[%clk 00:43:34]}
{[%emt 00:00:09]} Rxh2 {[%clk 00:45:50]} {[%emt 00:00:08]} 35. Rh7 {[%clk
00:43:26]} {[%emt 00:00:13]} h5 {[%clk 00:45:18]} {[%emt 00:00:36]} 36. Ke1
{[%clk 00:40:45]} {[%emt 00:02:45]} Re8+ {[%clk 00:44:45]} {[%emt 00:00:39]}
37. Kf1 {[%clk 00:40:45]} {[%emt 00:00:06]} Rd8 {[%clk 00:43:37]} {[%emt
00:01:13]} 38. Rfh6 {[%clk 00:39:57]} {[%emt 00:00:52]} Rf8 {[%clk 00:43:05]}
{[%emt 00:00:35]} 39. a4 {[%clk 00:38:22]} {[%emt 00:01:42]} Rfxf2+ {[%clk
00:42:38]} {[%emt 00:00:32]} 40. Kg1 {[%clk 00:38:16]} {[%emt 00:00:11]} Ra2
{[%clk 00:42:31]} {[%emt 00:00:12]} 41. Rf6 {[%clk 00:36:33]} {[%emt 00:01:46]}
h4 {[%clk 00:41:48]} {[%emt 00:00:50]} 42. Rff7 {[%clk 00:35:51]} {[%emt
00:00:46]} Rac2 {[%clk 00:41:23]} {[%emt 00:00:30]} 43. b4 {[%clk 00:34:36]}
{[%emt 00:01:22]} h3 {[%clk 00:41:16]} {[%emt 00:00:12]} 44. Rfg7 {[%clk
00:30:50]} {[%emt 00:03:49]} Rhg2+ {[%clk 00:40:48]} {[%emt 00:00:35]} 45. Rxg2
{[%clk 00:30:47]} {[%emt 00:00:08]} Rxg2+ {[%clk 00:40:39]} {[%emt 00:00:14]}
46. Kf1 {[%clk 00:30:08]} {[%emt 00:00:44]} Rg4 {[%clk 00:40:31]} {[%emt
00:00:13]} 47. b5 {[%clk 00:27:35]} {[%emt 00:02:38]} Rg3 {[%clk 00:40:05]}
{[%emt 00:00:31]} 48. Kf2 {[%clk 00:27:09]} {[%emt 00:00:31]} Ra3 {[%clk
00:40:03]} {[%emt 00:00:07]} 49. Ke2 {[%clk 00:26:38]} {[%emt 00:00:36]} Ra2+
{[%clk 00:39:35]} {[%emt 00:00:33]} 50. Kd3 {[%clk 00:26:04]} {[%emt 00:00:38]}
h2 {[%clk 00:39:32]} {[%emt 00:00:09]} 51. Kc4 {[%clk 00:25:47]} {[%emt
00:00:22]} Rxa4+ {[%clk 00:38:55]} {[%emt 00:00:42]} 52. Kb3 {[%clk 00:24:41]}
{[%emt 00:01:09]} Ra5 {[%clk 00:38:50]} {[%emt 00:00:12]} 53. Kb4 {[%clk
00:24:32]} {[%emt 00:00:13]} Ra2 {[%clk 00:38:42]} {[%emt 00:00:13]} 54. Kb3
{[%clk 00:23:47]} {[%emt 00:00:51]} Ra1 {[%clk 00:38:20]} {[%emt 00:00:27]} 55.
Rxh2 {[%clk 00:22:49]} {[%emt 00:00:13]} a6 {[%clk 00:38:16]} {[%emt 00:00:59]}
56. bxa6+ {[%clk 00:22:18]} {[%emt 00:00:37]} Kxa6 {[%clk 00:38:04]} {[%emt
00:00:17]} 57. Rh8 {[%clk 00:22:16]} {[%emt 00:00:05]} Kb7 {[%clk 00:37:41]}
{[%emt 00:00:29]} 58. Rh7 {[%clk 00:22:08]} {[%emt 00:00:13]} b5 {[%clk
00:37:26]} {[%emt 00:00:19]} 59. Kb4 {[%clk 00:21:57]} {[%emt 00:00:16]} Rb1+
{[%clk 00:37:19]} {[%emt 00:00:13]} 60. Ka3 {[%clk 00:21:39]} {[%emt 00:00:22]}
Kb6 {[%clk 00:37:11]} {[%emt 00:00:14]} 61. Rh8 {[%emt 00:01:57]} c6 {[%clk
00:35:46]} {[%emt 00:00:50]} 62. Ka2 {[%clk 00:21:28]} {[%emt 00:00:20]} Re1
{[%clk 00:35:17]} {[%emt 00:00:30]} 63. Kb3 {[%clk 00:21:21]} {[%emt 00:00:15]}
Re7 {[%clk 00:34:55]} {[%emt 00:00:27]} 64. Rh6 {[%clk 00:20:59]} {[%emt
00:00:26]} Rc7 {[%clk 00:34:48]} {[%emt 00:00:13]} 65. Kb4 {[%clk 00:20:44]}
{[%emt 00:00:21]} Ka7 {[%clk 00:34:08]} {[%emt 00:00:45]} 66. Kc5 {[%clk
00:20:31]} {[%emt 00:00:17]} Kb7 {[%clk 00:32:34]} {[%emt 00:01:40]} 67. Rg6
{[%clk 00:20:23]} {[%emt 00:00:13]} Ka6 {[%clk 00:32:15]} {[%emt 00:00:23]} 68.
Rg3 {[%clk 00:20:10]} {[%emt 00:00:16]} b4 {[%clk 00:30:26]} {[%emt 00:01:56]}
69. Kxb4 {[%clk 00:19:48]} {[%emt 00:00:27]} c5+ {[%clk 00:30:18]} {[%emt
00:00:13]} 70. Kc4 {[%clk 00:19:38]} {[%emt 00:00:15]} Ka5 {[%clk 00:30:05]}
{[%emt 00:00:18]} 71. Rf3 {[%clk 00:18:04]} {[%emt 00:01:39]} Kb6 {[%clk
00:29:52]} {[%emt 00:00:18]} 72. Rf5 {[%clk 00:16:48]} {[%emt 00:01:20]} Rc6
{[%clk 00:29:18]} {[%emt 00:00:38]} 73. Re5 {[%clk 00:16:41]} {[%emt 00:00:12]}
Rc7 {[%clk 00:28:52]} {[%emt 00:00:33]} 74. Re6+ {[%clk 00:15:58]} {[%emt
00:00:49]} Rc6 {[%clk 00:28:54]} {[%emt 00:00:03]} 75. Rxc6+ {[%clk 00:15:39]}
{[%emt 00:00:23]} Kxc6 {[%clk 00:28:50]} {[%emt 00:00:08]} 76. Kc3 {[%clk
00:15:30]} {[%emt 00:00:15]} Kb5 {[%clk 00:28:50]} {[%emt 00:00:05]} 77. Kb3
{[%clk 00:15:22]} {[%emt 00:00:13]} Ka6 {[%clk 00:28:50]} {[%emt 00:00:05]} 78.
Kc4 {[%clk 00:15:14]} {[%emt 00:00:13]} 1/2-1/2

[Event "DVM U10 2023"]
[Site "Magdeburg GER"]
[Date "2023.12.28"]
[Round "4"]
[White "Karpowitz, Luc"]
[Black "Riazi, Dominik"]
[Result "1/2-1/2"]
[Termination "normal"]
[Board "4.4"]
[WhiteElo "1061"]
[BlackElo "1162"]
[WhiteClock "00:47:30"]
[BlackClock "00:29:54"]
[WhiteTeam "SV Dresden-Leuben"]
[BlackTeam "SK Bad Homburg 1927"]
[PlyCount "58"]
[EventCountry "GER"]
[EventRounds "7"]
[EventType "team-swiss"]
[EventDate "2023.12.27"]

1. e4 {[%emt 00:00:38]} e5 {[%emt 00:00:10]} 2. Nf3 {[%emt 00:00:12]} Nc6
{[%emt 00:00:16]} 3. Bc4 {[%emt 00:00:27]} Bc5 {[%emt 00:00:14]} 4. d3 {[%clk
00:54:42]} {[%emt 00:00:01]} Nf6 {[%clk 00:53:47]} {[%emt 00:00:23]} 5. Nc3
{[%clk 00:54:32]} {[%emt 00:00:15]} h6 {[%clk 00:53:28]} {[%emt 00:00:24]} 6.
Nd5 {[%clk 00:54:27]} {[%emt 00:00:10]} Nxd5 {[%clk 00:52:58]} {[%emt
00:00:35]} 7. Bxd5 {[%clk 00:53:49]} {[%emt 00:00:43]} O-O {[%clk 00:52:38]}
{[%emt 00:00:25]} 8. Bxc6 {[%clk 00:53:47]} {[%emt 00:00:07]} dxc6 {[%clk
00:51:57]} {[%emt 00:00:46]} 9. Nxe5 {[%clk 00:53:36]} {[%emt 00:00:16]} Qd4
{[%clk 00:50:16]} {[%emt 00:01:46]} 10. Be3 {[%clk 00:53:27]} {[%emt 00:00:15]}
Qxe5 {[%clk 00:46:24]} {[%emt 00:03:57]} 11. d4 {[%clk 00:52:59]} {[%emt
00:00:32]} Qxe4 {[%clk 00:45:33]} {[%emt 00:00:58]} 12. dxc5 {[%clk 00:52:41]}
{[%emt 00:00:21]} Bf5 {[%clk 00:44:57]} {[%emt 00:00:41]} 13. Rc1 {[%clk
00:52:23]} {[%emt 00:00:22]} Qxg2 {[%clk 00:44:40]} {[%emt 00:00:23]} 14. Rf1
{[%clk 00:51:39]} {[%emt 00:00:48]} Rad8 {[%clk 00:43:56]} {[%emt 00:00:50]}
15. Qh5 {[%clk 00:50:47]} {[%emt 00:01:31]} Bh3 {[%clk 00:42:32]} {[%emt
00:01:05]} 16. Qe2 {[%clk 00:50:19]} {[%emt 00:00:32]} Qxh2 {[%clk 00:41:58]}
{[%emt 00:00:41]} 17. f3 {[%clk 00:49:55]} {[%emt 00:00:29]} Qxe2+ {[%clk
00:40:56]} {[%emt 00:01:06]} 18. Kxe2 {[%clk 00:49:53]} {[%emt 00:00:07]} Bxf1+
{[%clk 00:40:53]} {[%emt 00:00:09]} 19. Rxf1 {[%clk 00:49:57]} Rfe8 {[%clk
00:39:51]} {[%emt 00:01:08]} 20. Kf2 {[%clk 00:49:46]} {[%emt 00:00:16]} b6
{[%clk 00:37:30]} {[%emt 00:02:25]} 21. Rg1 {[%clk 00:49:47]} {[%emt 00:00:05]}
Kh7 {[%clk 00:37:21]} {[%emt 00:00:14]} 22. c3 {[%clk 00:49:24]} {[%emt
00:00:28]} Rd3 {[%clk 00:36:40]} {[%emt 00:00:46]} 23. Bd4 {[%clk 00:49:12]}
{[%emt 00:00:16]} Rd2+ {[%clk 00:36:11]} {[%emt 00:00:35]} 24. Kg3 {[%clk
00:49:03]} {[%emt 00:00:13]} Rxb2 {[%clk 00:35:06]} {[%emt 00:01:11]} 25. Kf4
{[%clk 00:48:59]} {[%emt 00:00:08]} Rxa2 {[%clk 00:34:34]} {[%emt 00:00:38]}
26. Rxg7+ {[%clk 00:48:41]} {[%emt 00:00:22]} Kh8 {[%clk 00:33:57]} {[%emt
00:00:43]} 27. Rg2+ {[%clk 00:47:56]} {[%emt 00:00:48]} Kh7 {[%clk 00:30:30]}
{[%emt 00:03:33]} 28. Rg7+ {[%clk 00:47:44]} {[%emt 00:00:18]} Kh8 {[%clk
00:30:02]} {[%emt 00:00:33]} 29. Rg3+ {[%clk 00:47:30]} {[%emt 00:00:18]} Kh7
{[%clk 00:29:54]} {[%emt 00:00:14]} 1/2-1/2

[Event "DVM U10 2023"]
[Site "Magdeburg GER"]
[Date "2023.12.28"]
[Round "4"]
[White "Suryaprakash, Smrithi"]
[Black "Müller, Konstantin"]
[Result "0-1"]
[Termination "normal"]
[Board "5.1"]
[WhiteElo "1318"]
[BlackElo "1614"]
[WhiteClock "00:20:05"]
[BlackClock "00:36:50"]
[WhiteTeam "SF München"]
[BlackTeam "SK Münster 32"]
[PlyCount "68"]
[WhiteFideId "34637826"]
[BlackFideId "34661778"]
[EventCountry "GER"]
[EventRounds "7"]
[EventType "team-swiss"]
[EventDate "2023.12.27"]

1. e4 {[%clk 00:55:08]} {[%emt 00:00:01]} c5 {[%clk 00:55:05]} {[%emt
00:00:05]} 2. d4 {[%clk 00:55:07]} {[%emt 00:00:06]} cxd4 {[%clk 00:55:06]}
{[%emt 00:00:04]} 3. c3 {[%clk 00:54:55]} {[%emt 00:00:16]} dxc3 {[%clk
00:55:08]} {[%emt 00:00:04]} 4. Nxc3 {[%clk 00:54:52]} {[%emt 00:00:08]} Nc6
{[%clk 00:55:08]} {[%emt 00:00:06]} 5. Nf3 {[%clk 00:54:47]} {[%emt 00:00:09]}
e6 {[%clk 00:55:02]} {[%emt 00:00:11]} 6. Bc4 {[%clk 00:54:30]} {[%emt
00:00:22]} a6 {[%clk 00:54:47]} {[%emt 00:00:20]} 7. Bf4 {[%clk 00:54:01]}
{[%emt 00:00:33]} b5 {[%clk 00:54:37]} {[%emt 00:00:16]} 8. Bb3 {[%clk
00:53:56]} {[%emt 00:00:10]} Bb7 {[%clk 00:54:28]} {[%emt 00:00:14]} 9. O-O
{[%clk 00:53:01]} {[%emt 00:00:59]} Nge7 {[%clk 00:52:50]} {[%emt 00:01:43]}
10. Qd2 {[%clk 00:50:36]} {[%emt 00:02:30]} Ng6 {[%clk 00:52:26]} {[%emt
00:00:29]} 11. Bg3 {[%clk 00:49:27]} {[%emt 00:01:15]} Be7 {[%clk 00:51:00]}
{[%emt 00:01:30]} 12. Rfd1 {[%clk 00:48:07]} {[%emt 00:01:25]} Na5 {[%clk
00:50:27]} {[%emt 00:00:38]} 13. Rac1 {[%clk 00:41:38]} {[%emt 00:06:34]} Nxb3
{[%clk 00:50:08]} {[%emt 00:00:24]} 14. axb3 {[%clk 00:40:29]} {[%emt
00:01:14]} O-O {[%clk 00:48:56]} {[%emt 00:01:18]} 15. Qxd7 {[%emt 00:01:34]}
Qxd7 {[%clk 00:47:41]} {[%emt 00:01:16]} 16. Rxd7 {[%clk 00:38:31]} {[%emt
00:00:39]} Bc6 {[%clk 00:47:29]} {[%emt 00:00:16]} 17. Rc7 {[%clk 00:36:39]}
{[%emt 00:01:57]} Rac8 {[%clk 00:46:48]} {[%emt 00:00:45]} 18. Nd4 {[%clk
00:35:25]} {[%emt 00:01:20]} Rxc7 {[%clk 00:46:05]} {[%emt 00:00:48]} 19. Bxc7
{[%clk 00:34:51]} {[%emt 00:00:39]} Bg5 {[%clk 00:45:40]} {[%emt 00:00:30]} 20.
Rd1 {[%clk 00:33:18]} {[%emt 00:01:39]} Rc8 {[%clk 00:43:53]} {[%emt 00:01:50]}
21. Nxc6 {[%clk 00:31:20]} {[%emt 00:02:05]} Rxc7 {[%clk 00:43:40]} {[%emt
00:00:18]} 22. Nb4 {[%clk 00:31:05]} {[%emt 00:00:19]} a5 {[%clk 00:41:58]}
{[%emt 00:01:48]} 23. Nd3 {[%clk 00:28:16]} {[%emt 00:02:54]} b4 {[%clk
00:41:23]} {[%emt 00:00:39]} 24. Ne2 {[%clk 00:27:32]} {[%emt 00:00:47]} Rd7
{[%clk 00:40:37]} {[%emt 00:00:54]} 25. Kf1 {[%clk 00:27:02]} {[%emt 00:00:35]}
Ne5 {[%clk 00:39:27]} {[%emt 00:01:14]} 26. f4 {[%clk 00:25:54]} {[%emt
00:01:13]} Rxd3 {[%clk 00:39:06]} {[%emt 00:00:26]} 27. Rxd3 {[%clk 00:25:33]}
{[%emt 00:00:26]} Nxd3 {[%emt 00:00:10]} 28. fxg5 {[%emt 00:00:30]} Nc5 {[%clk
00:38:41]} {[%emt 00:00:02]} 29. Ng3 {[%clk 00:24:23]} {[%emt 00:01:11]} Nxb3
{[%clk 00:38:16]} {[%emt 00:00:33]} 30. Ke1 {[%clk 00:22:50]} {[%emt 00:01:37]}
a4 {[%clk 00:37:58]} {[%emt 00:00:23]} 31. Kd1 {[%clk 00:20:25]} {[%emt
00:02:29]} a3 {[%clk 00:37:37]} {[%emt 00:00:26]} 32. bxa3 {[%clk 00:20:15]}
{[%emt 00:00:16]} bxa3 {[%clk 00:37:23]} {[%emt 00:00:19]} 33. Kc2 {[%clk
00:20:19]} {[%emt 00:00:01]} a2 {[%clk 00:37:01]} {[%emt 00:00:27]} 34. Kxb3
{[%clk 00:20:05]} {[%emt 00:00:17]} a1=Q {[%clk 00:36:50]} {[%emt 00:00:17]}
0-1

[Event "DVM U10 2023"]
[Site "Magdeburg GER"]
[Date "2023.12.28"]
[Round "4"]
[White "Schwetz, Emil Oliver"]
[Black "Weiß, Jonas"]
[Result "1-0"]
[Termination "normal"]
[Board "5.2"]
[WhiteElo "1411"]
[BlackElo "1167"]
[WhiteClock "00:34:49"]
[BlackClock "00:21:24"]
[WhiteTeam "SK Münster 32"]
[BlackTeam "SF München"]
[PlyCount "67"]
[WhiteFideId "34664041"]
[BlackFideId "34637168"]
[EventCountry "GER"]
[EventRounds "7"]
[EventType "team-swiss"]
[EventDate "2023.12.27"]

1. e4 {[%clk 00:55:09]} c6 {[%clk 00:54:59]} {[%emt 00:00:12]} 2. d4 {[%clk
00:55:04]} {[%emt 00:00:09]} d5 {[%clk 00:54:59]} {[%emt 00:00:05]} 3. Nc3
{[%clk 00:54:59]} {[%emt 00:00:10]} g6 {[%clk 00:54:53]} {[%emt 00:00:11]} 4.
exd5 {[%clk 00:54:54]} {[%emt 00:00:10]} cxd5 {[%clk 00:54:49]} {[%emt
00:00:09]} 5. Nf3 {[%clk 00:54:43]} {[%emt 00:00:16]} Nc6 {[%clk 00:54:45]}
{[%emt 00:00:09]} 6. Bb5 {[%clk 00:54:36]} {[%emt 00:00:12]} Bg4 {[%clk
00:54:42]} {[%emt 00:00:08]} 7. h3 {[%clk 00:54:24]} {[%emt 00:00:16]} Bxf3
{[%clk 00:54:29]} {[%emt 00:00:19]} 8. Qxf3 {[%clk 00:54:22]} {[%emt 00:00:08]}
Nf6 {[%clk 00:54:22]} {[%emt 00:00:12]} 9. O-O {[%clk 00:54:01]} {[%emt
00:00:26]} Bg7 {[%clk 00:54:11]} {[%emt 00:00:15]} 10. Re1 {[%clk 00:53:56]}
{[%emt 00:00:10]} O-O {[%clk 00:53:54]} {[%emt 00:00:22]} 11. Bxc6 {[%clk
00:53:47]} {[%emt 00:00:15]} bxc6 {[%clk 00:53:44]} {[%emt 00:00:15]} 12. Bf4
{[%clk 00:52:46]} {[%emt 00:01:06]} e6 {[%clk 00:53:22]} {[%emt 00:00:26]} 13.
Rad1 {[%clk 00:50:56]} {[%emt 00:01:54]} Qb6 {[%clk 00:52:29]} {[%emt
00:00:59]} 14. b3 {[%clk 00:49:49]} {[%emt 00:01:13]} Nd7 {[%clk 00:50:08]}
{[%emt 00:02:26]} 15. Na4 {[%clk 00:49:17]} {[%emt 00:00:35]} Qb4 {[%clk
00:47:26]} {[%emt 00:02:48]} 16. c3 {[%clk 00:47:29]} {[%emt 00:01:53]} Qa5
{[%clk 00:46:12]} {[%emt 00:01:19]} 17. Bd6 {[%clk 00:45:32]} {[%emt 00:02:02]}
Rfe8 {[%clk 00:44:46]} {[%emt 00:01:31]} 18. Qg3 {[%clk 00:44:36]} {[%emt
00:00:59]} Bf8 {[%clk 00:41:07]} {[%emt 00:03:46]} 19. Bxf8 {[%emt 00:00:34]}
Rxf8 {[%clk 00:40:00]} {[%emt 00:01:00]} 20. Qg5 {[%clk 00:42:22]} {[%emt
00:02:02]} Nb6 {[%clk 00:39:09]} {[%emt 00:00:56]} 21. Nc5 {[%clk 00:41:38]}
{[%emt 00:00:49]} Qxc3 {[%clk 00:38:05]} {[%emt 00:01:09]} 22. Qf6 {[%clk
00:40:38]} {[%emt 00:01:04]} Qc2 {[%clk 00:33:58]} {[%emt 00:04:13]} 23. Nd3
{[%clk 00:38:33]} {[%emt 00:02:09]} Qxa2 {[%clk 00:32:55]} {[%emt 00:01:09]}
24. Ne5 {[%clk 00:38:25]} {[%emt 00:00:12]} Rac8 {[%clk 00:31:12]} {[%emt
00:01:50]} 25. Ng4 {[%clk 00:38:22]} {[%emt 00:00:07]} h5 {[%clk 00:30:04]}
{[%emt 00:01:13]} 26. Ne5 {[%clk 00:36:35]} {[%emt 00:01:51]} Rc7 {[%clk
00:27:52]} {[%emt 00:02:18]} 27. Rd3 {[%clk 00:36:13]} {[%emt 00:00:25]} Nd7
{[%clk 00:27:08]} {[%emt 00:00:52]} 28. Nxd7 {[%clk 00:35:41]} {[%emt
00:00:37]} Rxd7 {[%clk 00:27:04]} {[%emt 00:00:08]} 29. Rg3 {[%emt 00:04:12]}
Qxb3 {[%clk 00:24:30]} {[%emt 00:00:09]} 30. Rxb3 {[%clk 00:35:13]} {[%emt
00:00:14]} a5 {[%clk 00:24:01]} {[%emt 00:00:33]} 31. Rg3 {[%clk 00:35:07]}
{[%emt 00:00:10]} Re8 {[%clk 00:22:39]} {[%emt 00:01:27]} 32. Re5 {[%clk
00:34:55]} {[%emt 00:00:15]} Kh7 {[%clk 00:21:33]} {[%emt 00:01:14]} 33. Rxh5+
{[%clk 00:34:49]} {[%emt 00:00:10]} gxh5 {[%clk 00:21:24]} {[%emt 00:00:14]}
34. Qg7# {[%emt 00:00:03]} *

[Event "DVM U10 2023"]
[Site "Magdeburg GER"]
[Date "2023.12.28"]
[Round "4"]
[White "Mandziuk, Varvara"]
[Black "Artarov, Rina"]
[Result "1-0"]
[Termination "normal"]
[Board "5.3"]
[WhiteElo "1136"]
[BlackElo "1044"]
[WhiteClock "00:26:39"]
[BlackClock "00:04:24"]
[WhiteTeam "SF München"]
[BlackTeam "SK Münster 32"]
[PlyCount "75"]
[WhiteFideId "34638016"]
[EventCountry "GER"]
[EventRounds "7"]
[EventType "team-swiss"]
[EventDate "2023.12.27"]

1. e4 {[%clk 00:55:09]} e6 {[%clk 00:55:06]} {[%emt 00:00:04]} 2. d4 {[%clk
00:55:10]} {[%emt 00:00:05]} d5 {[%clk 00:55:06]} {[%emt 00:00:05]} 3. exd5
{[%clk 00:55:10]} {[%emt 00:00:04]} exd5 {[%clk 00:55:01]} {[%emt 00:00:10]} 4.
c3 {[%clk 00:55:10]} {[%emt 00:00:06]} Bf5 {[%clk 00:54:04]} {[%emt 00:01:01]}
5. Nf3 {[%clk 00:54:55]} {[%emt 00:00:21]} Ne7 {[%clk 00:53:54]} {[%emt
00:00:14]} 6. Bf4 {[%clk 00:54:41]} {[%emt 00:00:19]} Ng6 {[%clk 00:53:15]}
{[%emt 00:00:45]} 7. Bg3 {[%clk 00:54:27]} {[%emt 00:00:19]} Be7 {[%clk
00:52:39]} {[%emt 00:00:40]} 8. Nbd2 {[%clk 00:54:14]} {[%emt 00:00:19]} O-O
{[%clk 00:51:09]} {[%emt 00:01:34]} 9. Qb3 {[%emt 00:00:58]} b6 {[%clk
00:48:16]} {[%emt 00:02:18]} 10. Be2 {[%clk 00:53:12]} {[%emt 00:00:54]} Qd7
{[%clk 00:44:05]} {[%emt 00:04:16]} 11. O-O {[%clk 00:52:28]} {[%emt 00:00:49]}
Qe6 {[%clk 00:38:55]} {[%emt 00:05:14]} 12. Rfe1 {[%clk 00:51:58]} {[%emt
00:00:37]} Qd7 {[%emt 00:10:03]} 13. h3 {[%clk 00:49:38]} {[%emt 00:01:11]} Nc6
{[%emt 00:07:02]} 14. Ba6 {[%clk 00:48:14]} {[%emt 00:00:02]} Bd6 {[%clk
00:23:24]} {[%emt 00:01:20]} 15. Bxd6 {[%clk 00:45:40]} {[%emt 00:02:41]} cxd6
{[%clk 00:23:09]} {[%emt 00:00:20]} 16. Qxd5 {[%clk 00:45:19]} {[%emt
00:00:26]} Nce7 {[%clk 00:17:34]} {[%emt 00:05:38]} 17. Qb5 {[%clk 00:42:52]}
{[%emt 00:02:33]} Bxh3 {[%clk 00:15:40]} {[%emt 00:01:59]} 18. Qxd7 {[%clk
00:41:25]} {[%emt 00:01:32]} Bxd7 {[%clk 00:14:48]} {[%emt 00:00:57]} 19. Nc4
{[%clk 00:41:11]} {[%emt 00:00:20]} Bc8 {[%clk 00:13:18]} {[%emt 00:01:35]} 20.
Bxc8 {[%clk 00:40:32]} {[%emt 00:00:43]} Raxc8 {[%clk 00:13:04]} {[%emt
00:00:18]} 21. Nxd6 {[%clk 00:40:22]} {[%emt 00:00:16]} Rc6 {[%clk 00:11:57]}
{[%emt 00:01:11]} 22. Ne4 {[%clk 00:38:45]} {[%emt 00:01:41]} Nf4 {[%clk
00:11:06]} {[%emt 00:00:58]} 23. Ned2 {[%clk 00:38:15]} {[%emt 00:00:32]} Nf5
{[%clk 00:10:15]} {[%emt 00:00:59]} 24. Re5 {[%clk 00:36:10]} {[%emt 00:02:10]}
Rf6 {[%clk 00:09:00]} {[%emt 00:01:20]} 25. c4 {[%clk 00:35:03]} {[%emt
00:01:12]} Nd3 {[%clk 00:06:53]} {[%emt 00:02:12]} 26. Rb5 {[%clk 00:34:29]}
{[%emt 00:00:39]} a6 {[%clk 00:06:07]} {[%emt 00:00:52]} 27. Rb3 {[%clk
00:34:07]} {[%emt 00:00:27]} Nf4 {[%clk 00:05:41]} {[%emt 00:00:31]} 28. c5
{[%clk 00:30:20]} {[%emt 00:03:52]} Ne2+ {[%clk 00:05:23]} {[%emt 00:00:22]}
29. Kf1 {[%clk 00:29:49]} {[%emt 00:00:35]} Nfxd4 {[%clk 00:05:04]} {[%emt
00:00:25]} 30. Nxd4 {[%clk 00:29:28]} {[%emt 00:00:26]} Nxd4 {[%clk 00:05:02]}
{[%emt 00:00:08]} 31. Rxb6 {[%clk 00:28:35]} {[%emt 00:00:58]} Rxb6 {[%clk
00:05:02]} {[%emt 00:00:05]} 32. cxb6 {[%clk 00:28:28]} {[%emt 00:00:12]} Rb8
{[%clk 00:05:00]} {[%emt 00:00:07]} 33. Re1 {[%clk 00:28:18]} {[%emt 00:00:15]}
g6 {[%clk 00:05:01]} {[%emt 00:00:03]} 34. Nc4 {[%clk 00:28:00]} {[%emt
00:00:21]} Kg7 {[%clk 00:04:45]} {[%emt 00:00:22]} 35. Re7 {[%clk 00:27:29]}
{[%emt 00:00:38]} Rc8 {[%clk 00:04:25]} {[%emt 00:00:25]} 36. b7 {[%clk
00:26:56]} {[%emt 00:00:37]} Rxc4 {[%clk 00:04:28]} {[%emt 00:00:03]} 37. b8=Q
{[%clk 00:26:43]} {[%emt 00:00:18]} Rc1+ {[%clk 00:04:24]} {[%emt 00:00:02]}
38. Re1 {[%clk 00:26:39]} {[%emt 00:00:16]} *